<?xml version="1.0" encoding="UTF-8"?>
<record
    xmlns:xsi="http://www.w3.org/2001/XMLSchema-instance"
    xsi:schemaLocation="http://www.loc.gov/MARC21/slim http://www.loc.gov/standards/marcxml/schema/MARC21slim.xsd"
    xmlns="http://www.loc.gov/MARC21/slim">

  <leader>00973nam0a2200253   4500</leader>
  <controlfield tag="001">RU\NLR\BIBL_A\011674078</controlfield>
  <controlfield tag="005">20250626110152.0</controlfield>
  <datafield tag="010" ind1=" " ind2=" ">
    <subfield code="9">500</subfield>
  </datafield>
  <datafield tag="035" ind1=" " ind2=" ">
    <subfield code="a">(NLR Aleph) 011674078</subfield>
  </datafield>
  <datafield tag="090" ind1=" " ind2=" ">
    <subfield code="a">13416285</subfield>
    <subfield code="c">13416285</subfield>
  </datafield>
  <datafield tag="100" ind1=" " ind2=" ">
    <subfield code="a">20180409d1983    |||y0rusy50      ca</subfield>
  </datafield>
  <datafield tag="101" ind1="0" ind2=" ">
    <subfield code="a">aze</subfield>
  </datafield>
  <datafield tag="102" ind1=" " ind2=" ">
    <subfield code="a">AZ</subfield>
  </datafield>
  <datafield tag="105" ind1=" " ind2=" ">
    <subfield code="a">y   z   000 y</subfield>
  </datafield>
  <datafield tag="200" ind1="1" ind2=" ">
    <subfield code="a">&#x418;&#x43D;&#x43A;&#x438;&#x448;&#x430;&#x444; &#x435;&#x442;&#x43C;&#x438;&#x448; &#x441;&#x43E;&#x441;&#x438;&#x430;&#x43B;&#x438;&#x437;&#x43C; &#x448;&#x4D9;&#x440;&#x430;&#x438;&#x442;&#x438;&#x43D;&#x434;&#x4D9; &#x441;&#x43E;&#x432;&#x435;&#x442;&#x43B;&#x4D9;&#x440;&#x4D9; &#x43F;&#x430;&#x440;&#x442;&#x438;j&#x430; &#x440;&#x4D9;&#x4BB;&#x431;&#x4D9;&#x440;&#x43B;&#x438;j&#x438;</subfield>
    <subfield code="f">&#x417;. &#x411;. &#x428;&#x44B;&#x445;&#x43B;&#x438;&#x43D;&#x441;&#x43A;&#x438;, &#x442;&#x430;&#x440;&#x438;&#x445; &#x435;&#x43B;&#x43C;. &#x434;&#x43E;&#x43A;&#x442;&#x43E;&#x440;&#x443;, &#x43F;&#x440;&#x43E;&#x444;&#x435;&#x441;&#x441;&#x43E;&#x440;</subfield>
  </datafield>
  <datafield tag="210" ind1=" " ind2=" ">
    <subfield code="a">&#x411;&#x430;&#x43A;&#x44B;</subfield>
    <subfield code="c">&#x411;&#x438;&#x43B;&#x438;&#x43A;</subfield>
    <subfield code="d">1983</subfield>
  </datafield>
  <datafield tag="215" ind1=" " ind2=" ">
    <subfield code="a">56 &#x441;.</subfield>
    <subfield code="d">20</subfield>
  </datafield>
  <datafield tag="541" ind1="1" ind2=" ">
    <subfield code="a">&#x41F;&#x430;&#x440;&#x442;&#x438;&#x439;&#x43D;&#x43E;&#x435; &#x440;&#x443;&#x43A;&#x43E;&#x432;&#x43E;&#x434;&#x441;&#x442;&#x432;&#x43E; &#x441;&#x43E;&#x432;&#x435;&#x442;&#x430;&#x43C;&#x438; &#x432; &#x443;&#x441;&#x43B;&#x43E;&#x432;&#x438;&#x44F;&#x445; &#x440;&#x430;&#x437;&#x432;&#x438;&#x442;&#x43E;&#x433;&#x43E; &#x441;&#x43E;&#x446;&#x438;&#x430;&#x43B;&#x438;&#x437;&#x43C;&#x430;</subfield>
  </datafield>
  <datafield tag="700" ind1=" " ind2="1">
    <subfield code="a">&#x428;&#x44B;&#x445;&#x43B;&#x438;&#x43D;&#x441;&#x43A;&#x438;</subfield>
    <subfield code="b">&#x417;. &#x411;.</subfield>
    <subfield code="4">070</subfield>
  </datafield>
  <datafield tag="790" ind1=" " ind2="1">
    <subfield code="a">&#x428;&#x438;&#x445;&#x43B;&#x438;&#x43D;&#x441;&#x43A;&#x438;&#x439;</subfield>
    <subfield code="b">&#x417;. &#x411;.</subfield>
    <subfield code="g">&#x417;&#x430;&#x43A;&#x438;&#x440; &#x411;&#x443;&#x440;&#x437;&#x443; &#x43E;&#x433;&#x43B;&#x44B;</subfield>
    <subfield code="4">070</subfield>
  </datafield>
  <datafield tag="852" ind1=" " ind2=" ">
    <subfield code="a">NLR</subfield>
    <subfield code="b">&#x41E;&#x41D;&#x41B;</subfield>
    <subfield code="j">&#x410;&#x437;&#x435;&#x440;&#x431;./2-20441</subfield>
  </datafield>
  <datafield tag="942" ind1=" " ind2=" ">
    <subfield code="c">BOOK</subfield>
  </datafield>
  <datafield tag="980" ind1=" " ind2=" ">
    <subfield code="a">NB</subfield>
  </datafield>
  <datafield tag="995" ind1=" " ind2=" ">
    <subfield code="5">2018-04-09</subfield>
    <subfield code="b">NLR01</subfield>
    <subfield code="c">NLR01</subfield>
    <subfield code="e">ONL</subfield>
    <subfield code="f">1-1460106</subfield>
    <subfield code="k">&#x41E;&#x41D;&#x41B; &#x410;&#x437;&#x435;&#x440;&#x431;./2-20441</subfield>
    <subfield code="o">0</subfield>
    <subfield code="r">BOOK</subfield>
    <subfield code="s">_220441</subfield>
  </datafield>
</record>
